An introduction to language

Guardat en:
Dades bibliogràfiques
Autors principals: Fromkin, Victoria (Autor), Rodman, Robert (Autor), Hyams, Nina (Autor)
Format: Llibre
Idioma:anglès
Publicat: Wadsworth Cengage Learning 2011
Edició:9a. ed
Matèries:
Etiquetes: Afegir etiqueta
Sense etiquetes, Sigues el primer a etiquetar aquest registre!

MARC

LEADER 00000cam a2200000 a 4500
001 UCF6086
003 CL-VaPUC
008 130411e20110000CN |||||||||||||||||eng|d
020 |a 9781439082416 
082 0 4 |a 372.6  |b FRO  |2 21 
100 0 |a Fromkin, Victoria  |e author  |9 568093 
700 0 |a Rodman, Robert  |e author  |9 568094 
700 0 |a Hyams, Nina  |e author  |9 568095 
245 1 3 |a An introduction to language 
250 |a 9a. ed 
300 |a 619 p 
942 |c BK 
945 |d 20130411 00:00:00  |a dcastane 
260 |b Wadsworth Cengage Learning  |c 2011 
650 0 |a Educación lingüística  |9 306506 
650 0 |a Enseñanza del lenguaje  |9 373325 
583 |a last modification  |c 20130411 10:22:00  |k Rodrigo Vera 
999 |c 351425  |d 351423 
952 |0 0  |1 0  |4 0  |6 372_600000000000000_FRO_2011  |7 0  |8 A  |9 455522  |a BIBEDU  |b BIBEDU  |c ES_NOD  |d 2019-11-22  |i 4962559  |o 372.6 FRO 2011  |p 4962559  |r 2023-08-09  |w 2019-11-22  |y BK  |k LIT